Все о... (Запись № 1512818)

Подробности
000 -МАРКЕР
контрольное поле 01765nam0a2200337 4500
001 - ИДЕНТИФИКАТОР ЗАПИСИ
контрольное поле RU\NLR\bibl\1457507
005 - ИДЕНТИФИКАТОР ВЕРСИИ
контрольное поле 20260406162331.0
010 ## - МЕЖДУНАРОДНЫЙ СТАНДАРТНЫЙ НОМЕР КНИГИ (ISBN)
Номер (ISBN) 978-5-9985-0084-8
Тираж 5000
021 ## - НОМЕР ГОСУДАРСТВЕННОЙ РЕГИСТРАЦИИ
Код страны Российская Федерация
Номер 2009-90486
Номер Листа государственной регистраци 5706
021 ## - НОМЕР ГОСУДАРСТВЕННОЙ РЕГИСТРАЦИИ
Код страны Российская Федерация
Номер 2010-51648
Номер Листа государственной регистраци 3403
035 ## - ДРУГИЕ СИСТЕМНЫЕ НОМЕРА
Идентификатор записи (NLR Aleph) 001449296
100 ## - ДАННЫЕ ОБЩЕЙ ОБРАБОТКИ
Данные общей обработки 20091225d2009 |||y0rusy50 ca
101 1# - ЯЗЫК РЕСУРСА
Язык текста, звукозаписи и т.д. русский
Язык оригинала английский
102 ## - СТРАНА ПУБЛИКАЦИИ ИЛИ ПРОИЗВОДСТВА
Страна публикации Российская Федерация
105 ## - ПОЛЕ КОДИРОВАННЫХ ДАННЫХ: ТЕКСТОВЫЕ МАТЕРИАЛЫ, МОНОГРАФИЧЕСКИЕ
Кодированные данные о монографическом текстовом документе a |||||||||
200 1# - ЗАГЛАВИЕ И СВЕДЕНИЯ ОБ ОТВЕТСТВЕННОСТИ
Основное заглавие Все о...
Сведения, относящиеся к заглавию рассказы о животных
-- [для среднего школьного возраста]
Первые сведения об ответственности Эрнст Сетон-Томпсон
Последующие сведения об ответственности [пер. с англ. Н.К. Чуковского и др.]
210 ## - ПУБЛИКАЦИЯ, РАСПРОСТРАНЕНИЕ И ДР.
Место издания, распространения и т.д. Санкт-Петербург
Имя издателя, распространителя и т. д. Азбука-классика
Дата издания, распространения и т.д. 2009
215 ## - ФИЗИЧЕСКАЯ ХАРАКТЕРИСТИКА
Специфическое обозначение материала и объем 634 с.
Другие сведения о физической характеристике ил.
Размеры 24
225 1# - СЕРИЯ
Основное заглавие серии Серия "Все о ..."
327 0# - ПРИМЕЧАНИЯ О СОДЕРЖАНИИ
Текст примечания Содерж.: Рассказы о животных: Королевская Аналостанка; Мальчик и рысь; Бинго; Чинк; Снап; Вулли; Медвежонок Джонни; Жизнь серого медведя; Буйный и Колючая Холка [и др.]; Маленькие дикари, или Повесть о том, как два мальчика вели в лесу жизнь индейцев и чему они научились
686 ## - ИНДЕКСЫ ДРУГИХ КЛАССИФИКАЦИЙ
Индекс Ш9(7США)62-4
700 #1 - ИМЯ ЛИЦА - ПЕРВИЧНАЯ ОТВЕТСТВЕННОСТЬ
Код отношения Автор
Материалы, к которым относится поле rus
Графика поля Кириллица
Начальный элемент ввода Сетон-Томпсон
Часть имени, кроме начального элемента ввода Э.
Даты 1860-1946
Расширение инициалов личного имени Эрнест
Идентификатор авторитетной/нормативной записи RU\NLR\auth\779222
Системный номер авторитетной/нормативной записи 119064
702 #1 - ИМЯ ЛИЦА - ВТОРИЧНАЯ ОТВЕТСТВЕННОСТЬ
Материалы, к которым относится поле rus
Графика поля Кириллица
Начальный элемент ввода Чуковский
Часть имени, кроме начального элемента ввода Н. К.
Даты 1904-1965
Расширение инициалов личного имени Николай Корнеевич
Идентификатор авторитетной/нормативной записи RU\NLR\AUTH\7770798
Системный номер авторитетной/нормативной записи 53726
801 #0 - ИСТОЧНИК ЗАПИСИ
Страна Российская Федерация
Организация NLR
Дата составления 20091225
Правила каталогизации RCR
801 #1 - ИСТОЧНИК ЗАПИСИ
Страна Российская Федерация
Организация NLR
Дата составления 20091225
942 ## - ДОПОЛНИТЕЛЬНЫЕ ЭЛЕМЕНТЫ ЗАПИСИ (АБИС)
Тип экземпляра АБИС Книга
980 ## - КОЛЛЕКЦИЯ
Название коллекции Национальная библиография
Экземпляры
Тип экземпляра Дата поступления Источник поступления Библиотека постоянного хранения Библиотека текущего хранения Место хранения Шифр хранения Штрих-код Статус экземпляра
Книга 25.12.2009 Обязательный экземпляр РНБ (Московский) РНБ (Московский) Русский книжный фонд: издания с 1957 года 2009-7/7335 1-809479  
Книга 12.08.2010 Обязательный экземпляр РНБ (Московский) РНБ (Московский) Обменный фонд   3228432  
Книга 12.08.2010 Обязательный экземпляр РНБ (Московский) РНБ (Московский) Обменный фонд   3228433  
Книга 25.12.2009 Обязательный экземпляр РНБ (Фонтанка) РНБ (Фонтанка) Юношеский читальный зал Ю И(США)/С-33 1-1004387